[Event "BL2 Sued 1920 (Women)"]
[Site "Germany"]
[Date "2019.12.14"]
[Round "3.5"]
[White "Lorenz, Oda"]
[Black "Mayrhuber, Nikola"]
[Result "0-1"]
[WhiteElo "1821"]
[BlackElo "2016"]
[PlyCount "72"]
[EventDate "2019.09.14"]
[EventType "team-tourn"]
[EventRounds "7"]
[EventCountry "GER"]
[SourceTitle "EXT 2021"]
[Source "ChessBase"]
[SourceDate "2020.10.23"]
[SourceVersion "1"]
[SourceVersionDate "2020.10.23"]
[SourceQuality "1"]
[WhiteTeam "Augsburg (W)"]
[BlackTeam "Bayern Muenchen (W)"]
[WhiteTeamCountry "GER"]
[BlackTeamCountry "GER"]

1. e4 e6 2. d4 d5 3. exd5 exd5 4. c4 Bb4+ 5. Nc3 Nf6 6. Bg5 0-0 7. Be2 h6 8. Bxf6 Qxf6 9. cxd5 Re8 10. Nf3 Qe7 11. Ne5 Bxc3+ 12. bxc3 Bf5 13. Nc4 Be4 14. Ne3 f5 15. f3 Bxf3 16. Bxf3 Qxe3+ 17. Kf1 Nd7 18. Qb3 Qd3+ 19. Kf2 Qd2+ 20. Kf1 Kh7 21. Rd1 Qf4 22. Kf2 Qe3+ 23. Kf1 Nf6 24. c4 Qg5 25. Kf2 Ne4+ 26. Bxe4 Rxe4 27. Rhe1 Rae8 28. Rxe4 Rxe4 29. Qg3 Rg4 30. Qh3 Qe7 31. Rd3 Qe4 32. Kf1 Rf4+ 33. Rf3 Qd3+ 34. Ke1 Re4+ 35. Kf2 Qd2+ 36. Kg3 Qe1+ 0-1

[Event "BL2 Sued 1819 (Women)"]
[Site "Germany"]
[Date "2018.11.17"]
[Round "3.5"]
[White "Lorenz, Oda"]
[Black "Kobald, Jacqueline"]
[Result "1/2-1/2"]
[WhiteElo "1818"]
[BlackElo "1911"]
[PlyCount "111"]
[EventDate "2018.10.27"]
[EventType "team-tourn"]
[EventRounds "7"]
[EventCountry "GER"]
[SourceTitle "CBM 190 Extra"]
[Source "ChessBase"]
[SourceDate "2019.07.15"]
[SourceVersion "1"]
[SourceVersionDate "2019.07.15"]
[SourceQuality "1"]
[WhiteTeam "Augsburg (W)"]
[BlackTeam "Stuttgart Wolfbusch (W)"]
[WhiteTeamCountry "GER"]
[BlackTeamCountry "GER"]

1. e4 c5 2. d4 cxd4 3. c3 Nf6 4. e5 Nd5 5. cxd4 b6 6. Nf3 e6 7. a3 Be7 8. Bd3 Ba6 9. 0-0 0-0 10. Bxa6 Nxa6 11. Qd3 Nb8 12. Nc3 Nxc3 13. Qxc3 Na6 14. Bf4 Nc7 15. Rac1 Nd5 16. Qd2 b5 17. Bg5 f6 18. Bh4 Qb6 19. Rc2 Rfc8 20. Rfc1 Qb7 21. h3 b4 22. exf6 gxf6 23. Rxc8+ Rxc8 24. Rxc8+ Qxc8 25. axb4 Bxb4 26. Qh6 Be7 27. Qh5 Qc1+ 28. Kh2 Bd6+ 29. Bg3 Bxg3+ 30. fxg3 Qc8 31. Nd2 Qf8 32. Ne4 Qf7 33. Qg4+ Qg6 34. Qxg6+ hxg6 35. Nc5 Nb6 36. g4 Kf7 37. Kg3 a5 38. h4 Nc4 39. Na4 e5 40. dxe5 fxe5 41. Kf3 d5 42. h5 gxh5 43. gxh5 Kf6 44. g4 Kg5 45. Ke2 d4 46. b3 Ne3 47. Nc5 Nxg4 48. Nb7 e4 49. Nxa5 Kxh5 50. b4 Kg5 51. b5 Nf6 52. b6 Nd7 53. b7 Kf4 54. Nb3 d3+ 55. Kd2 Nb8 56. Nc1 1/2-1/2

[Event "Bayern-ch (Women)"]
[Site "Bad Griesbach"]
[Date "2016.08.25"]
[Round "7"]
[White "Antczak, Lena"]
[Black "Lorenz, Oda"]
[Result "1/2-1/2"]
[WhiteElo "1630"]
[BlackElo "1836"]
[PlyCount "53"]
[EventDate "2016.08.21"]
[EventType "swiss"]
[EventRounds "9"]
[EventCountry "GER"]
[SourceTitle "EXT 2022"]
[Source "ChessBase"]
[SourceDate "2021.10.06"]
[SourceVersion "1"]
[SourceVersionDate "2021.10.06"]
[SourceQuality "1"]

1. e4 e5 2. Nf3 Nc6 3. d4 exd4 4. Nxd4 Nf6 5. Nc3 Bb4 6. Nxc6 bxc6 7. Bd3 0-0 8. 0-0 d6 9. Bg5 h6 10. Bh4 Qe7 11. f4 Bc5+ 12. Kh1 Rb8 13. Rb1 Qe6 14. Qf3 Bd7 15. b3 Rb4 16. Bc4 d5 17. exd5 Qd6 18. Bxf6 Qxf6 19. Ne4 Qe7 20. Nxc5 Qxc5 21. dxc6 Bxc6 22. Qg3 Be4 23. Bd3 Qf5 24. Bxe4 Rxe4 25. Qf2 Rfe8 26. Qxa7 Rxf4 27. Rxf4 1/2-1/2

[Event "Bayern-ch (Women)"]
[Site "Rosenheim"]
[Date "2015.08.22"]
[Round "5"]
[White "Homfeldt, Claudia Laura"]
[Black "Lorenz, Oda"]
[Result "1/2-1/2"]
[WhiteElo "1442"]
[BlackElo "1805"]
[PlyCount "97"]
[EventDate "2015.08.22"]
[EventType "tourn"]
[EventRounds "9"]
[EventCountry "GER"]
[SourceTitle "EXT 2019"]
[Source "ChessBase"]
[SourceDate "2018.10.10"]
[SourceVersion "1"]
[SourceVersionDate "2018.10.10"]
[SourceQuality "1"]

1. e4 e5 2. Nf3 Nc6 3. Bc4 Bc5 4. d3 Nf6 5. Nc3 0-0 6. Bg5 h6 7. Bh4 Be7 8. a3 d6 9. h3 a6 10. 0-0 Na5 11. Ba2 c5 12. b4 cxb4 13. axb4 Nc6 14. b5 Nb4 15. Bc4 a5 16. Na4 d5 17. exd5 Nbxd5 18. Nxe5 Be6 19. Nf3 Nf4 20. Bxe6 Nxe6 21. c4 Nd7 22. Bxe7 Qxe7 23. Re1 Qf6 24. Qd2 Nf4 25. Nb2 b6 26. Na4 Nxh3+ 27. gxh3 Qxf3 28. Qe3 Qf6 29. Qe7 Qg6+ 30. Kh2 Qxd3 31. Red1 Qxc4 32. Qxd7 Qf4+ 33. Kg2 Qe4+ 34. Kg1 Qg6+ 35. Kf1 Rae8 36. Re1 Rd8 37. Qc6 Qd3+ 38. Kg2 Rd6 39. Qc7 Rg6+ 40. Kh2 Qf3 41. Qg3 Rxg3 42. fxg3 Qf2+ 43. Kh1 Qxg3 44. Nxb6 Rb8 45. Nd7 Rxb5 46. Re8+ Kh7 47. Nf8+ Kg8 48. Nd7+ Kh7 49. Nf8+ 1/2-1/2

[Event "GER-chT Federal Cup (Women)"]
[Site "Braunfels"]
[Date "2015.06.06"]
[Round "4.8"]
[White "Lorenz, Oda"]
[Black "Holschuh, Paulina"]
[Result "1-0"]
[WhiteElo "1699"]
[BlackElo "1028"]
[PlyCount "61"]
[EventDate "2015.06.04"]
[EventType "team-swiss"]
[EventRounds "5"]
[EventCountry "GER"]
[SourceTitle "CBM 167 Extra"]
[Source "ChessBase"]
[SourceDate "2015.09.14"]
[SourceVersion "1"]
[SourceVersionDate "2015.09.14"]
[SourceQuality "1"]
[WhiteTeam "Bayern (W)"]
[BlackTeam "Saarland (W)"]
[WhiteTeamCountry "GER"]
[BlackTeamCountry "GER"]

1. e4 e5 2. Nf3 Nc6 3. Bb5 Nf6 4. 0-0 Bc5 5. c3 Nxe4 6. Qe2 Nd6 7. Nxe5 0-0 8. d4 Nxb5 9. Qxb5 Bd6 10. Nf3 Re8 11. Bg5 Be7 12. Bxe7 Rxe7 13. Nbd2 d6 14. h3 a6 15. Qd3 Re6 16. Kh2 d5 17. Rae1 Qd6+ 18. Kg1 Bd7 19. Rxe6 Bxe6 20. Re1 Ne7 21. Ng5 Bf5 22. Qe3 Re8 23. Nf1 h6 24. Nf3 Be4 25. Ne5 Nf5 26. Qf4 b6 27. Rxe4 dxe4 28. Qxf5 Re7 29. Ne3 c5 30. Qc8+ Kh7 31. Nf5 1-0

[Event "Bayern-ch (Women)"]
[Site "Rosenheim"]
[Date "2014.08.26"]
[Round "6"]
[White "Lorenz, Oda"]
[Black "Homfeldt, Claudia Laura"]
[Result "1-0"]
[WhiteElo "1846"]
[BlackElo "1438"]
[PlyCount "137"]
[EventDate "2014.08.23"]
[EventType "tourn"]
[EventRounds "9"]
[EventCountry "GER"]
[SourceTitle "EXT 2015"]
[Source "ChessBase"]
[SourceDate "2014.11.20"]
[SourceVersion "1"]
[SourceVersionDate "2014.11.20"]
[SourceQuality "1"]

1. e4 c5 2. d4 cxd4 3. c3 d3 4. Bxd3 Nc6 5. Nf3 d6 6. Be3 Nf6 7. h3 e6 8. 0-0 Be7 9. Nbd2 0-0 10. Rc1 a6 11. Bb1 h6 12. Qc2 e5 13. Rfd1 Re8 14. Nc4 Be6 15. Ncxe5 Nxe5 16. Nxe5 Qa5 17. Nf3 Bxa2 18. Bxa2 Qxa2 19. Nd4 Qa5 20. Nf5 Qc7 21. Bd4 Rad8 22. Qe2 Qd7 23. Qf3 Qe6 24. Re1 Qd7 25. Qg3 g6 26. Nxh6+ Kg7 27. Nf5+ Kf8 28. Qh4 Nh5 29. Nxe7 Qxe7 30. Qg4 Qe6 31. Qf3 b5 32. g4 Ng7 33. Qf4 g5 34. Qxg5 Qg6 35. Qxg6 fxg6 36. Bxg7+ Kxg7 37. Ra1 Ra8 38. f3 g5 39. Red1 Re6 40. Rd5 Kf6 41. Rad1 Rd8 42. Kf2 Rd7 43. Rf5+ Kg6 44. e5 a5 45. Kg3 b4 46. cxb4 axb4 47. f4 gxf4+ 48. Kf3 d5 49. Kxf4 b3 50. h4 d4 51. h5+ Kh6 52. Rd3 Re8 53. Rf6+ Kg7 54. g5 Rde7 55. Rf5 Rf8 56. Rxd4 Rxf5+ 57. Kxf5 Rf7+ 58. Ke4 Rf2 59. Rb4 Rxb2 60. Rb7+ Kf8 61. h6 Kg8 62. g6 Re2+ 63. Kf5 Kf8 64. Rxb3 Ke8 65. Ke6 Kd8 66. h7 Kc7 67. h8Q Rd2 68. Qb8+ Kc6 69. Qc8# 1-0

[Event "BL2 Sued 1314 (Women)"]
[Site "Germany"]
[Date "2014.02.16"]
[Round "5.5"]
[White "Zpevakova, Jana"]
[Black "Lorenz, Oda"]
[Result "1-0"]
[WhiteElo "1940"]
[BlackElo "1872"]
[PlyCount "113"]
[EventDate "2013.11.30"]
[EventType "team-tourn"]
[EventRounds "7"]
[EventCountry "GER"]
[SourceTitle "EXT 2018"]
[Source "ChessBase"]
[SourceDate "2017.10.13"]
[SourceVersion "1"]
[SourceVersionDate "2017.10.13"]
[SourceQuality "1"]
[WhiteTeam "Schwaebisch Hall (W)"]
[BlackTeam "Augsburg (W)"]
[WhiteTeamCountry "GER"]
[BlackTeamCountry "GER"]

1. d4 Nf6 2. c4 c5 3. d5 b5 4. cxb5 a6 5. bxa6 Bxa6 6. Nc3 g6 7. g3 d6 8. Bg2 Bg7 9. Nf3 Nbd7 10. 0-0 Qa5 11. Qc2 0-0 12. Rd1 Rfb8 13. Rb1 Ng4 14. Bd2 Nge5 15. b3 Nxf3+ 16. Bxf3 Ne5 17. Bg2 Bc8 18. a4 Bf5 19. e4 Bg4 20. Re1 c4 21. b4 Rxb4 22. Na2 Nd3 23. Nxb4 Nxe1 24. Bxe1 Qxa4 25. Qxc4 Rc8 26. Qa2 Qxa2 27. Nxa2 Bd4 28. Nb4 f5 29. Nc6 Bf6 30. f3 Bh5 31. h3 g5 32. exf5 Bf7 33. f4 gxf4 34. g4 Kg7 35. Bd2 Bg5 36. Bf3 Ra8 37. Bc3+ Bf6 38. Bxf6+ Kxf6 39. Re1 Ra3 40. Kf2 Rxf3+ 41. Kxf3 Bxd5+ 42. Kxf4 Bxc6 43. h4 Bd5 44. g5+ Kf7 45. h5 Bc4 46. Rc1 Be2 47. h6 Bd3 48. Rc7 Bb1 49. f6 Bg6 50. Rxe7+ Kf8 51. Rd7 Ke8 52. Rxd6 Kf8 53. Ke5 Bc2 54. Rd7 Ke8 55. Rg7 Kf8 56. g6 Bxg6 57. Rxg6 1-0

[Event "BL2 Sued 1314 (Women)"]
[Site "Germany"]
[Date "2013.11.30"]
[Round "1.5"]
[White "Lorenz, Oda"]
[Black "Wiesner, Paula"]
[Result "0-1"]
[WhiteElo "1872"]
[BlackElo "1855"]
[PlyCount "56"]
[EventDate "2013.11.30"]
[EventType "team-tourn"]
[EventRounds "7"]
[EventCountry "GER"]
[SourceTitle "EXT 2018"]
[Source "ChessBase"]
[SourceDate "2017.10.13"]
[SourceVersion "1"]
[SourceVersionDate "2017.10.13"]
[SourceQuality "1"]
[WhiteTeam "Augsburg (W)"]
[BlackTeam "Karlsruhe (W)"]
[WhiteTeamCountry "GER"]
[BlackTeamCountry "GER"]

1. e4 e6 2. d4 d5 3. exd5 exd5 4. c4 Nf6 5. Nc3 Be7 6. Nf3 0-0 7. c5 b6 8. b4 a5 9. Qb3 axb4 10. Qxb4 bxc5 11. dxc5 Ba6 12. Bb5 c6 13. Bxa6 Nxa6 14. Qb7 Nxc5 15. Qxc6 Nd3+ 16. Ke2 Rc8 17. Qa4 Rxc3 18. Rd1 Nxc1+ 19. Rdxc1 Qc7 20. Rd1 Rc2+ 21. Ke3 Qc3+ 22. Rd3 Bc5+ 23. Nd4 Ng4+ 24. Kf4 Qxd3 25. Nxc2 Nxf2 26. Ne1 Qe3+ 27. Kf5 g6+ 28. Kf6 Be7# 0-1

[Event "Bayern-ch (Women)"]
[Site "Westerndorf St Peter"]
[Date "2013.08.26"]
[Round "2"]
[White "Nieberle, Cornelia"]
[Black "Lorenz, Oda"]
[Result "1/2-1/2"]
[WhiteElo "1726"]
[BlackElo "1872"]
[PlyCount "112"]
[EventDate "2013.08.25"]
[EventType "swiss"]
[EventRounds "9"]
[EventCountry "GER"]
[SourceTitle "EXT 2019"]
[Source "ChessBase"]
[SourceDate "2018.10.10"]
[SourceVersion "1"]
[SourceVersionDate "2018.10.10"]
[SourceQuality "1"]

1. d4 Nf6 2. e3 g6 3. Bd3 Bg7 4. Nf3 d6 5. c4 c5 6. d5 Nbd7 7. Nc3 Ng4 8. 0-0 0-0 9. h3 Nge5 10. Nxe5 Nxe5 11. e4 a6 12. Re1 h6 13. f4 Nxd3 14. Qxd3 Bd4+ 15. Be3 e5 16. dxe6 fxe6 17. Bxd4 cxd4 18. Qxd4 Rxf4 19. Rad1 Qh4 20. Rf1 e5 21. Qxd6 Qg3 22. Qd8+ Kf7 23. Rxf4+ exf4 24. Qc7+ Kf6 25. Qd8+ Kf7 26. Qc7+ Kf6 27. Nd5+ Kg5 28. Qe5+ Kh4 29. Qxf4+ Qxf4 30. Nxf4 g5 31. Nd5 b5 32. Nb6 Rb8 33. Nxc8 Rxc8 34. Rd6 Rxc4 35. Kf2 h5 36. Ke3 Rc2 37. Rd2 Rc5 38. b3 Kg3 39. Rd5 Rc2 40. Rxg5+ Kh4 41. Rg6 Rxa2 42. e5 Rb2 43. e6 Rxb3+ 44. Kd4 Rb1 45. e7 Re1 46. Rg7 a5 47. Kc5 b4 48. Kd6 b3 49. Rg8 a4 50. Rb8 Kg3 51. Rb4 Kxg2 52. h4 Kh3 53. Rxa4 b2 54. Rb4 Rd1+ 55. Kc5 Re1 56. Kd6 Rd1+ 1/2-1/2

[Event "GER-ch (Women)"]
[Site "Bad Wiessee"]
[Date "2013.03.22"]
[Round "3"]
[White "Ries, Jutta"]
[Black "Lorenz, Oda"]
[Result "1-0"]
[WhiteElo "2010"]
[BlackElo "1889"]
[PlyCount "55"]
[EventDate "2013.03.20"]
[EventType "swiss"]
[EventRounds "9"]
[EventCountry "GER"]
[SourceTitle "CBM 153 Extra"]
[Source "ChessBase"]
[SourceDate "2013.04.22"]
[SourceVersion "1"]
[SourceVersionDate "2013.04.22"]
[SourceQuality "1"]

1. f4 d5 2. Nf3 Nc6 3. b3 Bf5 4. Bb2 e6 5. e3 Nf6 6. Bb5 Be7 7. Ne5 Nd7 8. Bxc6 bxc6 9. Nxc6 Qc8 10. Nxe7 Kxe7 11. 0-0 Rg8 12. d3 Qb7 13. g4 g5 14. gxf5 gxf4+ 15. Kh1 fxe3 16. Qf3 e5 17. f6+ Kd6 18. d4 Rae8 19. Qxe3 exd4 20. Qf4+ Ne5 21. Bxd4 c5 22. Bxe5+ Rxe5 23. Nd2 Ke6 24. Rae1 d4+ 25. Nf3 Re3 26. Rxe3+ dxe3 27. Qxe3+ Kxf6 28. Qe5+ 1-0